Quyết định giám đốc thẩm số 08/2007/KDTM - GĐT ngày 07 tháng 08 năm 2007 của hội đồng thẩm phán tòa án nhân dân tối cao về việc tranh chấp hợp đồng mua bán hàng hóa /
Spremljeno u:
| Autor kompanije: | |
|---|---|
| Format: | Članak |
| Jezik: | Vietnamese |
| Teme: | |
| Oznake: |
Dodaj oznaku
Bez oznaka, Budi prvi tko označuje ovaj zapis!
|
| Thư viện lưu trữ: | Thư viện Trường Đại học Đà Lạt |
|---|
| LEADER | 01004nam a2200265 4500 | ||
|---|---|---|---|
| 001 | DLU100109482 | ||
| 005 | ##20100629 | ||
| 040 | # | # | |a DLU |b vie |
| 041 | # | # | |a vie |
| 044 | # | # | |a vn |
| 245 | # | # | |a Quyết định giám đốc thẩm số 08/2007/KDTM - GĐT ngày 07 tháng 08 năm 2007 của hội đồng thẩm phán tòa án nhân dân tối cao về việc tranh chấp hợp đồng mua bán hàng hóa / |c Hội đồng thẩm phán tòa án nhân dân tối cao. |
| 653 | # | # | |a Án kinh tế |
| 653 | # | # | |a Hợp đồng kinh tế |
| 653 | # | # | |a Luật thương mại |
| 710 | # | # | |a Hội đồng thẩm phán tòa án nhân dân tối cao. |
| 773 | # | # | |t Tạp chí Toà án nhân dân |g Số6(11), 2008, tr. 47-48 |
| 920 | # | # | |a Phòng Tạp chí -- Trung tâm Thông tin - Thư viện Trường Đại học Đà Lạt |
| 994 | # | # | |a DLU |
| 900 | # | # | |a True |
| 911 | # | # | |a Nguyễn Thị Linh Chi |
| 925 | # | # | |a G |
| 926 | # | # | |a A |
| 927 | # | # | |a BB |
| 980 | # | # | |a Thư viện Trường Đại học Đà Lạt |